LIBRARY & INFORMATION CENTRE, KCAET, TAVANUR

ONLINE PUBLIC ACCESS CATALOGUE (OPAC)

Characterisation of hydrologic responses of micro watersheds using geospatial techniques (Record no. 17518)

MARC details
000 -LEADER
fixed length control field 00441nam a22001457a 4500
003 - CONTROL NUMBER IDENTIFIER
control field OSt
082 ## - DEWEY DECIMAL CLASSIFICATION NUMBER
Classification number 631.45
Item number PAS/CH
088 ## - REPORT NUMBER
Report number T 539
100 ## - MAIN ENTRY--AUTHOR NAME
Personal name Majeed Pasha MD
245 ## - TITLE STATEMENT
Title Characterisation of hydrologic responses of micro watersheds using geospatial techniques
260 ## - PUBLICATION, DISTRIBUTION, ETC. (IMPRINT)
Place of publication Tavanur
Name of publisher Department of Soil and Water Conservation Engineering
Year of publication 2022
300 ## - PHYSICAL DESCRIPTION
Number of Pages 164p
Accompanying material CD included
700 ## - ADDED ENTRY--PERSONAL NAME
Personal name Sathian K K (Guide)
942 ## - ADDED ENTRY ELEMENTS (KOHA)
Koha item type Theses
Holdings
Collection code Home library Current library Shelving location Full call number Accession Number Koha item type Public note
Reference KAUAET KAUAET Reference 631.45 PAS/CH T 539 Theses PhD Thesis
free website counter